01170nam a2200301 a 4500001001100000003000800011006001900019007001500038008004100053010001700094020003300111040002100144035002000165050002400185082001500209100002300224245009800247260004700345300001700392504006600409533015200475650002200627650003100649655002900680710001700709856012500726999001700851ebr5006010CaPaEBRm u cr cn|||||||||970221s1997 nyu sb 001 0 eng  z 97009854  z038794978X (hc : alk. paper) aCaPaEBRcCaPaEBR a(OCoLC)5485011414aQA184b.H375 1997eb04a512/.52211 aHarville, David A.10aMatrix algebra from a statistician's perspectiveh[electronic resource] /cDavid A. Harville. aNew York ;aHong Kong :bSpringer,cc1997. axvii, 630 p. aIncludes bibliographical references (p. [615]-618) and index. aElectronic reproduction.bPalo Alto, Calif. :cebrary,d2013.nAvailable via World Wide Web.nAccess may be limited to ebrary affiliated libraries. 0aAlgebras, Linear. 0aLinear models (Statistics) 7aElectronic books.2local2 aebrary, Inc.40uhttp://site.ebrary.com/lib/rucke/Doc?id=5006010zAn electronic book accessible through the World Wide Web; click to view c21017d21017